000 00193nam a22000977a 4500
041 _aeng
080 _a80
100 _aGlenn, M., Leavitt S., Helen
245 _aBlending voices.
999 _c280925
_d280925
942 _cBK